00937 a2200181 45000010006000000050017000060080041000230030015000640400040000790800053001192450055001722640080002273000023003075050377003300410008007071000021007157000019007365527820260407155826.0260407a1968 arg spa dAR-UNSa-BCEJYS aAR-UNSa-BCEJYSbspacAR-UNSa-BCEJYS a336.02xPolítica financiera. Política fiscal10aLa imposición fiscal en los paises en desarrollo 1aMéxico :bUnión Tipográfica Editorial Hispano-Americana (UTEHA)c1968 aix, 588 p.c23 cm. a1. Política fiscal y desenvolvimiento económico - 2. Sistemas fiscales comparativos - 3. Impuestos sobre la renta - 4. Impuestos directos sobre los desembolsos y la riqueza neta - 5. Impuestos sobre ventas y consumos - 6. Impuestos sobre el comercio exterior - 7. Impuestos sobre finanzas locales y propiedad raíz - 8. Administración de impuestos y ayuda técnica aspa1 aBird, Richard M.1 aOldman, Oliver